书目信息 |
| 题名: |
社会保障制度建设
|
|
| 作者: | 田成平 主编 ;全国干部培训教材编审指导委员会组织 编写 | |
| 分册: | ||
| 出版信息: | 北京 人民出版社 2006.06 |
|
| 页数: | 427页 | |
| 开本: | 21cm | |
| 丛书名: | ||
| 单 册: | ||
| 中图分类: | D632.1-43 | |
| 科图分类: | ||
| 主题词: | 社会保障--she hui bao zhang--制度--中国--干部教育--教材 | |
| 电子资源: | ||
| ISBN: | 7-80098-857-0 | |
| 000 | 00986nam0 2200253 450 | |
| 001 | 354538 | |
| 005 | 20141231101448.83 | |
| 010 | @a7-80098-857-0@dCNY25.00 | |
| 100 | @a20060426d2006 em y0chiy0110 ea | |
| 101 | 0 | @achi |
| 102 | @aCN@b110000 | |
| 105 | @ay z 000yy | |
| 200 | 1 | @a社会保障制度建设@Ashe hui bao zhang zhi du jian she@f全国干部培训教材编审指导委员会组织编写 |
| 210 | @a北京@c人民出版社@c党建读物出版社@d2006.06 | |
| 215 | @a427页@d21cm | |
| 300 | @a全国干部学习培训教材 | |
| 304 | @a田成平主编 | |
| 330 | @a本书介绍了我国社会保障体系的建立与发展、养老保险、失业保险、医疗保险、工伤保险、生育保险、社会救助与社会福利等内容。 | |
| 606 | 0 | @a社会保障@Ashe hui bao zhang@x制度@y中国@x干部教育@j教材 |
| 690 | @aD632.1-43@v4 | |
| 701 | 0 | @a田成平@Atian cheng ping@4主编 |
| 711 | 02 | @a全国干部培训教材编审指导委员会组织@Aquan guo gan bu pei xun jiao cai bian shen zhi dao wei yuan hui zu zhi@4编写 |
| 801 | 0 | @aCN@c20060426 |
| 905 | @b673055-7@dD632.1-43@eQ880@f3 | |
| 社会保障制度建设/全国干部培训教材编审指导委员会组织编写.-北京:人民出版社:党建读物出版社,2006.06 |
| 427页;21cm |
| 全国干部学习培训教材 |
| ISBN 7-80098-857-0:CNY25.00 |
| 本书介绍了我国社会保障体系的建立与发展、养老保险、失业保险、医疗保险、工伤保险、生育保险、社会救助与社会福利等内容。 |
| ● |
| 相关链接 |
|
|
|
正题名:社会保障制度建设
索取号:D632.1-43/Q880
 
预约/预借
| 序号 | 登录号 | 条形码 | 馆藏地/架位号 | 状态 | 备注 |
| 1 | 495184 | 204951846 | 社科库509/509社科库 74排8列5层/ [索取号:D632.1-43/Q880] | 在馆 | |
| 2 | 673055 | 206730554 | 社科库509/509社科库 74排8列5层/ [索取号:D632.1-43/Q880] | 在馆 | |
| 3 | 673056 | 206730563 | 社科库509/509社科库 74排8列5层/ [索取号:D632.1-43/Q880] | 在馆 | |
| 4 | 673057 | 206730572 | 社科库509/509社科库 74排8列5层/ [索取号:D632.1-43/Q880] | 在馆 |